<?xml version="1.0" encoding="UTF-8"?>
<record
    xmlns:xsi="http://www.w3.org/2001/XMLSchema-instance"
    xsi:schemaLocation="http://www.loc.gov/MARC21/slim http://www.loc.gov/standards/marcxml/schema/MARC21slim.xsd"
    xmlns="http://www.loc.gov/MARC21/slim">

  <leader>00736naa a22001457i 4500</leader>
  <controlfield tag="001">10525</controlfield>
  <controlfield tag="003">KOSZ 005</controlfield>
  <controlfield tag="005">20180426140427.0</controlfield>
  <controlfield tag="008">180426s2005    pl ||||f |||| 10| 0 ger d</controlfield>
  <datafield tag="040" ind1=" " ind2=" ">
    <subfield code="a">KOSZ 005/AR</subfield>
    <subfield code="c">KOSZ 005/AR</subfield>
  </datafield>
  <datafield tag="100" ind1="1" ind2=" ">
    <subfield code="a">JASIULEWICZ, Micha&#x142;.</subfield>
    <subfield code="b">Politechnika Koszali&#x144;ska - Wydzia&#x142; Ekonomii i Zarz&#x105;dzania,</subfield>
    <subfield code="c">Katedra Polityki Spo&#x142;eczno-Gospodarczej i Ekonomiki Regionalnej</subfield>
    <subfield code="d">1996 - .</subfield>
  </datafield>
  <datafield tag="245" ind1="1" ind2="0">
    <subfield code="a">Wissensgesellschaft und Bologna : </subfield>
    <subfield code="c">Micha&#x142; Jasiulewicz.</subfield>
    <subfield code="b">Erkl&#xE4;rung /</subfield>
  </datafield>
  <datafield tag="773" ind1="0" ind2=" ">
    <subfield code="i">W :</subfield>
    <subfield code="t">Wissensbasierte &#xD6;konomie im Zeitalter des Internet. -</subfield>
    <subfield code="d">Greifswald : Koszalin : Kompetenzzentrum EU - Osterweiterung am BiG ; Wydaw. Uczelniane Politechniki Koszali&#x144;skiej, 2005. -</subfield>
    <subfield code="g">s. 61-64</subfield>
    <subfield code="z">8373650873</subfield>
  </datafield>
  <datafield tag="942" ind1=" " ind2=" ">
    <subfield code="2">UKD</subfield>
    <subfield code="c">ROZ</subfield>
  </datafield>
  <datafield tag="999" ind1=" " ind2=" ">
    <subfield code="c">10525</subfield>
    <subfield code="d">10525</subfield>
  </datafield>
</record>
